Probability and Statistics: with Integrated Software Routines

Đã lưu trong:
Chi tiết về thư mục
Tác giả chính: Deep
Định dạng: Sách
Được phát hành: Academic Press
Các nhãn: Thêm thẻ
Không có thẻ, Là người đầu tiên thẻ bản ghi này!

MARC

LEADER 00000nam a2200000Ia 4500
005 20260513122054.0
020 |a 9780123694638 
100 |a Deep 
365
365 |b 28.00 
942 |c BK 
245 |a Probability and Statistics: with Integrated Software Routines 
260 |b Academic Press 
999 |c 106  |d 106 
952 |0 0  |1 0  |4 0  |7 0  |a UNSW  |b UNSW  |d 2026-05-06  |g 99.95  |i 16685  |l 0  |p 000040  |r 2026-05-13 12:20:54  |v 99.95  |w 2026-05-13  |y BK